Word Ladder: What's the Scoop Quiz Stats

 Plays Quiz Updated Jun 6, 2017

Support Sporcle.
Go Orange.
Score 0/16 Timer 01:30
0 Plays Today
Clue 4-Letter Word % Correct
Male lion hairMANE
96.5%
Honey-making insectsBEES
95%
CreatedMADE
94.5%
Common burger meatBEEF
94.2%
Great Barrier ____REEF
94.1%
Kingsley, Affleck, and Stiller, e. g.BENS
93.4%
Grow fainterFADE
89.6%
StardomFAME
89.5%
Clue 4-Letter Word % Correct
ProhibitsBANS
88.1%
Woodwind mouthpiece componentREED
87.6%
Cause of distressBANE
84.2%
• Serve a meal •• FEED •
80%
Be enraged, Emit vaporFUME
76.1%
Peach-skin fibersFUZZ
73.8%
• Flurry of activity •• BUZZ •
70.5%
Detonation device (alt. spelling)FUZE
65.6%

Today's Daily Dose

Missing Word
FPS Games (A-Z)

Quick Pick
Cartoon Lions

Get the Picture
5, 6, 7, or 8 Movies

You're not logged in!

Compare scores with friends on all Sporcle quizzes.
OR
Log In
Forgot?

From the Vault

Number Maze III

by goc3

We'd hate to be lost in a maze of numbers.
Remove Ads.
Support Sporcle.
Get the best of Sporcle when you Go Orange. This ad-free experience offers more features, more stats, and more fun while also helping to support Sporcle. Thank you for becoming a member.

Show Comments

Extras

Top Quizzes Today


Score Distribution

Your Account Isn't Verified!

In order to create a playlist on Sporcle, you need to verify the email address you used during registration. Go to your Sporcle Settings to finish the process.

Report this User

Report this user for behavior that violates our Community Guidelines.

Details: